Les pays avec le plus de volcans au monde - Statistiques

Statistiques générales
  • Ce quiz a été pris 627 fois
  • Le résultat moyen est 5 sur 10
Statistiques - réponses
Nombre Pays % Correct
76 Etats-Unis
86%
62 Japon
86%
79 Indonésie
82%
60 Russie
75%
45 Chili
66%
27 Islande
50%
22 Philippines
41%
23 Equateur
29%
22 Papouasie Nouvelle-Guinée
18%
19 Portugal
5%
Aucun quiz correspondant
Distribution des résultats
% des personnes avec chaque résultat
Percentile par nombre de réponses
Votre historique - résultats
Vous n’avez pas pris ce quiz